| 000 | 01479nam a2200397Ii 4500 | ||
|---|---|---|---|
| 001 | DIGPARKSTE0002 | ||
| 003 | NyNyDIG | ||
| 007 | cr ||||||||||| | ||
| 008 | 230512s2019 nyua o 000 0bspa d | ||
| 006 | m o d | ||
| 020 |
_a9781644617359 _qeBook |
||
| 020 | _z9786076186664 | ||
| 035 | _a(OCoLC)1122921899 | ||
| 040 |
_aDGITA _beng _erda _epn _cDGITA |
||
| 043 | _ae-ne--- | ||
| 050 | 1 | 4 | _aN6953.G3 ebook |
| 100 | 1 |
_aCharles, Victoria, _eauthor. |
|
| 245 | 1 | 0 |
_aVincent Van Gogh / _cVictoria Charles ; traductor, Daniel Suárez. |
| 264 | 1 |
_aNew York, USA : _bParkstone Press International, _c[2019] |
|
| 300 |
_a1 online resource : _billustrations. |
||
| 336 |
_atext _btxt _2rdacontent |
||
| 337 |
_acomputer _bc _2rdamedia |
||
| 338 |
_aonline resource _bcr _2rdacarrier |
||
| 347 |
_atext file _2rdaft |
||
| 347 | _bEPUB | ||
| 588 | 0 | _aOnline resource; title from ePub title page (Digitalia, viewed May 12, 2023) | |
| 600 | 1 | 0 |
_aGogh, Vincent van, _d1853-1890. |
| 650 | 0 |
_aArtists _zNetherlands _vBiography. |
|
| 700 | 1 |
_aSuárez, Daniel, _etranslator. |
|
| 791 | 2 |
_aDigitalia (Firm), _edistributor. |
|
| 793 | 0 |
_gDigitalia eBook Collection: _aParkstone International |
|
| 776 | 0 | 8 |
_iPrint version: _aCharles, Victoria. _tVincent Van Gogh. _dNew York, USA : Parkstone Press International, [2019] _z9786076186664 |
| 856 | 4 | 0 |
_3Digitalia Hispánica _uhttps://www.digitaliapublishing.com/a/121641/ |
| 910 | _aPremium collection: 2023 | ||
| 942 | _cRAA | ||
| 999 |
_c276227 _d276227 |
||